00280nam a2200121Ia 4500003000400000008004100004082001800045100002100063245002900084260002100113300000800134650001600142OSt191201s2002 xx 000 0 und d a621.3822bPRD aPRATT, K William 0aDigital Image Processing bJohn wileyc2002 a735 aB.Tech(ECE)